Bilecik Bilecik Bilecik Bilecik Bilecik

Göçebe : (Record no. 25312)

MARC details
000 -BAŞLIK
Sabit Uzunluktaki Kontrol Alanı 02023nam a22003497a 4500
001 - KONTROL NUMARASI
Control Dosyası 0025363
003 - KONTROL NUMARASI KİMLİĞİ
Kontrol Alanı KOHA_MİRAKIL
005 - EN SON İŞLEM TARİHİ ve ZAMANI
Kontrol Alanı 20260207002502.0
007 - FİZİKSEL TANIM SABİT ALAN - GENEL BİLGİ
Sabit uzunluklu kontrol alanı ta
008 - SABİT UZUNLUKTAKİ VERİ ÖGELERİ - GENEL BİLGİ
Sabit Alan 101112b2009 tu |||gr||||#0|||1|tur |
020 ## - ISBN - ULUSLARARASI STANDART KİTAP NUMARASI
Isbn 9786051141350
Kullanılabilirlik koşulları 10,32
040 ## - KATALOGLAMA KAYNAĞI
Özgün Kataloglama Kurumu TR-BiSEU
Kataloglama Dili tur
Çeviri Kurumu TR-BiSEU
Açıklama Kuralları rda
041 0# - DİL KODU
Metin ya da ses kaydının dil kodu tur
044 ## - YAYINLAYAN/ÜRETEN KURULUŞUN ÜLKE KODU
ISO country code tu
050 ## - SINIFLAMA ve YER NUMARASI
Sınıflama Numarası PT8950.H36
Yer Numarası N67 2009
100 1# - KİŞİ ADI
Yazar Adı (Kişi adı) Hamsun, Knut.
245 1# - ESER ADI BİLDİRİMİ
Başlık Göçebe :
Alt Eseradı vb. Sonbahar yıldızları altında ,hüzünlü havalar, son mutluluk/
Sorumluluk Bildirimi Knut Hamsun ; Knut Hamsun ; çeviren Behçet Necatigil .
264 #1 - ÜRERİM, YAYIN, DAĞITIM ve TELİF BİLDİRİMİ
Yayın yeri İstanbul :
Yayınlayan Timaş Yayınları
Yayın tarihi 2009
300 ## - FİZİKSEL TANIMLAMA
Sayfa, Cilt vb. 492 sayfa; 21 cm.
336 ## - İÇERİK TÜRÜ
Content type term metin
Content type code txt
Source rdacontent
337 ## - MEDYA TÜRÜ
Media type term aracısız
Media type code n
Source rdamedia
338 ## - TAŞIYICI TÜRÜ
Carrier type term cilt
Carrier type code nc
Source rdacarrier
490 1# - DİZİ BİLDİRİMİ
Dizi Bildirimi Timaş Yayınları ;2209.
490 1# - DİZİ BİLDİRİMİ
Dizi Bildirimi Çağdaş Dünya Edebiyatı ;
Cilt Numarası 5.
505 ## - İÇİNDEKİLER NOTU
İçindekiler Notu Nobel ödüllü Yazar Knut Hamsun'dan insana ve hayata dair bir roman...
650 #0 - KONU BAŞLIĞI EK GİRİŞ - KONU TERİMİ
Konusal terim veya coğrafi ad Norwegian fiction.
9 (RLIN) 28416
650 #0 - KONU BAŞLIĞI EK GİRİŞ - KONU TERİMİ
Konusal terim veya coğrafi ad Norveç romanı.
9 (RLIN) 28411
830 1# - SERİ EK GİRİŞİ - TEKBİÇİM ESER ADI
Tekbiçim Başlık Timaş Yayınları ;2209.
9 (RLIN) 51223
830 1# - SERİ EK GİRİŞİ - TEKBİÇİM ESER ADI
Tekbiçim Başlık Çağdaş Dünya Edebiyatı ;
Volume number/sequential designation 5.
9 (RLIN) 51224
907 ## - LOCAL DATA ELEMENT G, LDG (RLIN)
a Roman
942 ## - EK GİRİŞ ÖGELERİ (KOHA)
Source of classification or shelving scheme Library of Congress Classification
Koha item type Book
505 ## - İÇİNDEKİLER NOTU
-- "Göçebe, üç bölümlük büyük romana yazarın verdiği genel isimdir. İlk kitap Sonbahar Yıldızları altında 1906'da, Hüzünlü Havalar 1909'da, Son Mutluluk 1912'de yazıldı. Üç bölümün üç ayrı adı var, ama aslında üç bölümün üçü de birer "hüzünlü hava"dır; üçünün de kahramanı aynı kişi. Hamsun'un asıl adı olan Knud Pedersen'in ağzından anlatılır olaylar. Artık büyük şehirlerden bezmiş, iç sıkıntılarını kırlarda, ormanlarda, şehirden uzak yerlerde dağıtmaya çalışan, kayıp gençliği peşinde avare, orta yaşlı bir hülya adamıdır kahraman. Şehrin gürültü ve uygarlığından kaçarak tabiatın bağrında, yıldızların altında ruhuna sükûn ve şifa arayan, kanının çağıltısını kırların soluğunda yatıştırmak isteyen, şair ruhlu birisi." Behçet Necatigil
Holdings
Materyal Türü Kalıcı Konum Mevcut Konum Raf Yeri Sınıflandırma Kaynağı Edinim Bilgisi Ana Konular Alt Konular Yer Numarası Demirbaş Numarası Fatura Tarihi Maliyet, Alış Fiyatı Maliyet, Yenileme Fiyatı Geri Çekilme Durumu Kayıp Durumu Hasarlı Durumu Kredi için değil Kayıt Tarih Toplam Ödünçverme Son Görülme Tarihi Son Kontrol Tarihi
Book Prof. Dr. Azmi Özcan Kütüphanesi Prof. Dr. Azmi Özcan Kütüphanesi Birûni Salonu Library of Congress Classification Satın DİL VE EDEBİYAT Alman - Hollanda - İskandinav Edebiyatları vb. PT8950.H36 N67 2009 0025363 15/12/2010 11.15 11.15         12/11/2010 10 05/12/2024 05/12/2024